000 01165nam a2200301 a 4500
001 4882785
005 19930421142449.3
008 921228s1992 sz b 000 0 eng
010 _a 92252402
020 _a2825410934
040 _aDLC
_cDLC
041 1 _aeng
_hdut
043 _ae------
050 0 0 _aBR735
_b.B54 1992
100 1 _aBlei, Karel.
240 1 0 _aKerk-zijn over grenzen heen.
_lEnglish
245 1 0 _aOn being the church across frontiers :
_ba vision of Europe today /
_cKarel Blei.
260 _aGeneva :
_bPublished for the World Alliance of Reformed Churches by WCC Publications,
_cc1992.
300 _a81 p. ;
_c22 cm.
504 _aIncludes bibliographical references.
650 0 _aChurch and state
_zEurope.
651 0 _aEurope
_xPolitics and government
_y1989-
651 0 _aEurope
_xEconomic policy.
906 _a7
_bcbc
_corignew
_d2
_encip
_f19
_gy-gencatlg
942 _2lcc
_cBK
999 _c8057
_d8057